000 00615nam a2200241Ia 4500
003 OSt
005 20221005121015.0
006 a|||||r|||| 00| 0
007 ta
008 221004b |||||||| |||| 00| 0 eng d
024 _a59537
037 _cTextual
040 _aCRL
_cCRL
_beng
041 _2eng
_aeng
082 _aV2:25xM69:9, K7
100 _aBose Nirmal Kumar
245 0 _aGandhi in Indian politics
260 _c1967
650 _aHISTORY
700 _a Patwardhan P H
942 _hV2:25xM69:9, K7
_cTEXL
_2cc
999 _c1039824
_d1039824